000 00453nam a2200181Ia 4500
001 24349
005 20260414151037.0
008 260414t2019||||xx |||||||||||||| ||spa||
041 _aESP
082 _a345.5
_bN514
100 _aNakazaki Servigón, César,
_eAUT
245 0 _aEl caso Fujimori :
_bspectos jurídicos-penales
260 _c2019
300 _a622 páginas :
_c25 cm.
650 _aDER
654 _aCDE
942 _cLIB
_dJUS
_fJUS
_2ddc
_n
999 _c24349
_d24349